| 000 | 00639nam a2200217 i 4500 | ||
|---|---|---|---|
| 001 | 72159 | ||
| 003 | ES-MaACL | ||
| 005 | 20230906171335.0 | ||
| 007 | t| | ||
| 008 | 040826s1958 sp ||||1| spa d | ||
| 080 | _a(038)=134.2'373.42 | ||
| 100 | 1 |
_aGili Gaya, Samuel. _956938 |
|
| 245 | 1 | 0 |
_aDiccionario de sinónimos / _cpor Samuel Gili Gaya. |
| 260 |
_aBarcelona : _bSpes, _c1958 ( _fBibliograf.) |
||
| 300 |
_aXVI, 344 p. ; _c20 cm. |
||
| 490 | 1 | _aVox | |
| 650 | 0 | 4 |
_aLengua española- _xSinónimos y antónimos- _vDiccionarios. _914187 |
| 830 | 0 |
_aVox _9182574 |
|
| 852 |
_aES-MaACL _jC-14485 _bR.42273 |
||
| 999 |
_c72159 _d72159 |
||